000 00566nam a2200193Ia 4500
003 OSt
005 20200814113320.0
008 190216s9999||||xx |||||||||||||| ||und||
020 _a9814066508
040 _coclc
082 _a543
_bSKO/F
100 _aSkoog, Douglas A
_94125
245 0 _aFundamentals Of Analytical Chemistry /
_cDouglas A Skoog ; Donald M West ; F James Holler
250 _a7th Ed.
260 _bHarcourt Asia,
_c1996.
_aSingapore:
300 _a910p
650 _aChemistry
942 _cBK
_2ddc
_h543
_iSKO/F
_k543
_mSKO/F
999 _c3022
_d3022